| 000 | 00469nam a22001697a 4500 | ||
|---|---|---|---|
| 020 | _a9788120331457 | ||
| 082 |
_a631.53 _bHAR/PL |
||
| 100 |
_aHartmann,Hudson T _9713 |
||
| 100 |
_aKester,Dale E. _9714 |
||
| 100 |
_aDavies,Fred T. _9715 |
||
| 100 |
_aGeneve,Robert L. _9716 |
||
| 245 | _aHartmann and Kester,s Plant Propagation: Principles and Practices | ||
| 250 | _a7 th | ||
| 260 |
_aNew Delhi _bPHI Learning Private Limited _c2009 |
||
| 300 | _a880 | ||
| 942 | _cBK | ||
| 999 |
_c14433 _d14433 |
||